000 00299nam a22001337a 4500
008 170307b xxu||||| |||| 00| 0 eng d
020 _a0805301186
041 _aeng
080 _a611
100 _a611
101 _aSHM
245 _aTHE BASSETT ATLAS OF HUMAN ANATOMY
_cCHASE.R.A
942 _2udc
_cBK
999 _c7032
_d7032